| 000 | 00796nam a22002897a 4500 | ||
|---|---|---|---|
| 999 |
_c36395 _d36395 |
||
| 003 | OSt | ||
| 005 | 20240229134621.0 | ||
| 008 | 240229b ||||| |||| 00| 0 spa d | ||
| 020 | _a978-987-722-981-3 | ||
| 040 | _cBiblioteca Ernesto Sábato | ||
| 092 |
_a323 _bC697 _eBDGR |
||
| 100 | _aCollado, Patricia Alejandra | ||
| 245 | _aEstudios sobre ciudadanía, movilizacón y conflicto social en la Argentina contemporánea | ||
| 250 | _a1a. ed. | ||
| 260 |
_aBuenos Aires _bClacso, Pisac _c2021 |
||
| 300 | _a257 p. | ||
| 440 | _aEsados de la cuestión | ||
| 650 | _aCIUDADANIA | ||
| 650 | _aARGENTINA | ||
| 650 | _aSINDICATOS | ||
| 650 | _aMOVIMIENTO SOCIAL | ||
| 650 | _a | ||
| 650 | _a | ||
| 700 | _aBonifacio, José Luis | ||
| 700 | _aVommaro, Gabriel | ||
| 942 |
_2ddc _cBDGR |
||